[Event "SRI-ch (Women)"]
[Site "Colombo"]
[Date "2023.04.02"]
[Round "11"]
[White "Sanudula, KM Dahamdi"]
[Black "Yapa Bandara, Chamodya"]
[Result "1-0"]
[WhiteElo "1732"]
[BlackElo "1455"]
[PlyCount "59"]
[EventDate "2023.03.25"]
[EventType "tourn"]
[EventRounds "13"]
[EventCountry "SRI"]
[SourceTitle "CBM 213 Extra"]
[Source "ChessBase"]
[SourceDate "2023.05.31"]
[SourceVersion "1"]
[SourceVersionDate "2023.05.31"]
[SourceQuality "1"]

1. d4 Nf6 2. Bf4 g6 3. Nc3 d5 4. e3 Bg7 5. h4 h5 6. Nf3 c6 7. Bd3 Nbd7 8. Qe2 b6 9. Ng5 Nf8 10. 0-0-0 Ne6 11. Be5 0-0 12. f3 Re8 13. Rdg1 Nf8 14. g4 hxg4 15. fxg4 Qd7 16. Qf3 Ne6 17. Nh3 Nf8 18. Nf2 N8h7 19. Rf1 Rf8 20. Rhg1 Qb7 21. Qf4 Be6 22. Nh3 Qd7 23. Be2 Ne8 24. Bxg7 Nxg7 25. h5 Ne8 26. Qh6 Nef6 27. hxg6 fxg6 28. Ng5 Rf7 29. Nxf7 Bxf7 30. g5 1-0

[Event "SRI-chB (Women)"]
[Site "Maharaga"]
[Date "2020.03.08"]
[Round "4.1"]
[White "Koswatte, CT."]
[Black "Yapa Bandara, Chamodya"]
[Result "1/2-1/2"]
[WhiteElo "1785"]
[BlackElo "1606"]
[PlyCount "73"]
[EventDate "2020.03.06"]
[EventType "swiss"]
[EventRounds "11"]
[EventCountry "SRI"]
[SourceTitle "CBM 195 Extra"]
[Source "ChessBase"]
[SourceDate "2020.05.31"]
[SourceVersion "1"]
[SourceVersionDate "2020.05.31"]
[SourceQuality "1"]

1. d4 Nf6 2. c4 e6 3. Nc3 Bb4 4. Qc2 0-0 5. Bd2 d5 6. e3 b6 7. cxd5 exd5 8. Rc1 c5 9. Nf3 Re8 10. Bb5 Bd7 11. Bxd7 Nbxd7 12. a3 Bxc3 13. Bxc3 c4 14. a4 a6 15. 0-0 Ne4 16. Ne5 Nxe5 17. dxe5 Nc5 18. f4 Nd3 19. Rcd1 Qd7 20. b4 Qe7 21. Rf3 Nxb4 22. Qf5 Nd3 23. Rg3 Qe6 24. Qh5 Qe7 25. Rxg7+ Kxg7 26. e6+ f6 27. Qg5+ Kf8 28. Bxf6 Qc7 29. Qh6+ Kg8 30. Qg5+ Kf8 31. f5 Re7 32. Bh8 b5 33. Rf1 c3 34. Qf6+ Ke8 35. Qg5 Kf8 36. Qf6+ Ke8 37. Qg5 1/2-1/2

[Event "SRI-chB (Women)"]
[Site "Maharaga"]
[Date "2020.03.07"]
[Round "3.4"]
[White "Yapa Bandara, Chamodya"]
[Black "Srilal, DADT"]
[Result "1-0"]
[WhiteElo "1606"]
[BlackElo "1431"]
[PlyCount "55"]
[EventDate "2020.03.06"]
[EventType "swiss"]
[EventRounds "11"]
[EventCountry "SRI"]
[SourceTitle "CBM 195 Extra"]
[Source "ChessBase"]
[SourceDate "2020.05.31"]
[SourceVersion "1"]
[SourceVersionDate "2020.05.31"]
[SourceQuality "1"]

1. e4 c5 2. Nf3 d6 3. d4 cxd4 4. Nxd4 Nf6 5. Nc3 e6 6. g4 h6 7. h4 h5 8. g5 Ng4 9. Be2 g6 10. Bxg4 hxg4 11. Be3 e5 12. Nb3 Be6 13. Nd5 Be7 14. Qd2 Na6 15. 0-0-0 Nc7 16. Nxe7 Kxe7 17. Na5 Bc8 18. Nc4 Ne8 19. Bc5 Qc7 20. Bxd6+ Nxd6 21. Nxd6 Rd8 22. Nxc8+ Raxc8 23. Qb4+ Ke8 24. Rxd8+ Rxd8 25. h5 gxh5 26. Rxh5 Qc6 27. Rh8+ Kd7 28. Qd2+ 1-0

[Event "World School-ch U17 Girls"]
[Site "Antalya"]
[Date "2019.04.25"]
[Round "8"]
[White "Yapa Bandara, Chamodya"]
[Black "Bahar, Fatma Sude"]
[Result "1-0"]
[WhiteElo "1612"]
[BlackElo "1297"]
[PlyCount "121"]
[EventDate "2019.04.18"]
[EventType "swiss"]
[EventRounds "9"]
[EventCountry "TUR"]
[SourceTitle "CBM 190 Extra"]
[Source "ChessBase"]
[SourceDate "2019.07.15"]
[SourceVersion "1"]
[SourceVersionDate "2019.07.15"]
[SourceQuality "1"]

1. e4 e5 2. Nf3 Nc6 3. Bb5 a6 4. Ba4 Nf6 5. 0-0 b5 6. Bb3 Be7 7. c3 d6 8. h3 0-0 9. Re1 Nb8 10. d4 Nbd7 11. Nbd2 Bb7 12. Bc2 Re8 13. Nf1 Bf8 14. Ng3 g6 15. Bg5 Bg7 16. Qd2 c5 17. d5 c4 18. Nh2 Qc7 19. Bh6 Nc5 20. Qc1 Rec8 21. Qg5 Bxh6 22. Qxh6 Qd8 23. Re3 Kh8 24. Rf3 Ng8 25. Qd2 Rc7 26. Ng4 Qh4 27. Qc1 Bc8 28. Nh2 h5 29. b3 cxb3 30. axb3 Qe7 31. Ne2 h4 32. Ng4 Bxg4 33. hxg4 g5 34. Rh3 Nh6 35. f3 Qf6 36. Qe3 Rac8 37. b4 Nd7 38. Rxa6 Nf8 39. Rb6 Ng6 40. g3 Ra8 41. Rxb5 Ra1+ 42. Kg2 Nxg4 43. Qd3 Rca7 44. Ra5 Nh6 45. Rxa7 Rxa7 46. Rh1 g4 47. fxg4 Nxg4 48. Qf3 Qg5 49. Rc1 h3+ 50. Kh1 Ne3 51. b5 Nxc2 52. Rxc2 Ra1+ 53. Kh2 Nh4 54. gxh4 Qxh4 55. Rc1 Ra2 56. b6 Rxe2+ 57. Qxe2 Qf4+ 58. Kxh3 Qxc1 59. Qh5+ Kg7 60. Qg4+ Kf6 61. b7 1-0

[Event "World School-ch U17 Girls"]
[Site "Antalya"]
[Date "2019.04.21"]
[Round "4"]
[White "Ahmadova, Raya"]
[Black "Yapa Bandara, Chamodya"]
[Result "0-1"]
[WhiteElo "1468"]
[BlackElo "1612"]
[PlyCount "70"]
[EventDate "2019.04.18"]
[EventType "swiss"]
[EventRounds "9"]
[EventCountry "TUR"]
[SourceTitle "CBM 190 Extra"]
[Source "ChessBase"]
[SourceDate "2019.07.15"]
[SourceVersion "1"]
[SourceVersionDate "2019.07.15"]
[SourceQuality "1"]

1. e4 c5 2. Nf3 d6 3. d4 cxd4 4. Nxd4 Nf6 5. Nc3 a6 6. f3 e5 7. Nb3 Be6 8. Be3 h6 9. Qd2 Nbd7 10. 0-0-0 Be7 11. Kb1 Rc8 12. f4 b5 13. a3 Qc7 14. f5 Bc4 15. g3 Rb8 16. Be2 a5 17. g4 b4 18. axb4 axb4 19. Nd5 Nxd5 20. exd5 Bxb3 21. cxb3 Qa5 22. g5 Ra8 23. g6 fxg6 24. fxg6 0-0 25. Bc4 Rfc8 26. Qd3 Bf6 27. Qf5 Qa2+ 28. Kc2 e4 29. Bd4 Rxc4+ 30. bxc4 Qxc4+ 31. Kd2 Qxd4+ 32. Ke2 Qc4+ 33. Kf2 Rf8 34. Qh5 Bh4+ 35. Kg2 Qc2+ 0-1

[Event "SRI-ch (Women)"]
[Site "Colombo"]
[Date "2017.08.13"]
[Round "6"]
[White "Tharushi, THD Niklesha"]
[Black "Yapa Bandara, Chamodya"]
[Result "1-0"]
[WhiteElo "1582"]
[BlackElo "1614"]
[PlyCount "79"]
[EventDate "2017.08.10"]
[EventType "tourn"]
[EventRounds "13"]
[EventCountry "SRI"]
[SourceTitle "CBM 180 Extra"]
[Source "ChessBase"]
[SourceDate "2017.10.06"]
[SourceVersion "1"]
[SourceVersionDate "2017.10.06"]
[SourceQuality "1"]

1. d4 Nf6 2. c4 c5 3. d5 b5 4. Qc2 bxc4 5. e4 g6 6. Bxc4 d6 7. Nc3 Bg7 8. f4 Nbd7 9. Nf3 Nb6 10. Bb5+ Bd7 11. Bxd7+ Qxd7 12. 0-0 0-0 13. a4 Qb7 14. a5 Nbd7 15. h3 Rac8 16. Nd2 Nh5 17. Nc4 Qa6 18. Ra4 Rb8 19. g4 Nhf6 20. e5 dxe5 21. fxe5 Ne8 22. Bf4 Rb4 23. b3 Qb7 24. Ra3 Qa6 25. Raa1 Rxc4 26. bxc4 Nxe5 27. Bxe5 Bxe5 28. Ra4 Nd6 29. Ne4 Bd4+ 30. Kh1 Rb8 31. Rb1 Rxb1+ 32. Qxb1 Nxc4 33. Qd3 f5 34. Nd2 Qd6 35. Qxc4 Qg3 36. d6+ Kg7 37. Qf1 Be5 38. Nf3 Bxd6 39. gxf5 Bf4 40. Qg2 1-0

[Event "SRI-ch (Women)"]
[Site "Colombo"]
[Date "2017.08.13"]
[Round "7"]
[White "Yapa Bandara, Chamodya"]
[Black "Jayaweera, Sayuni Gihansa"]
[Result "0-1"]
[WhiteElo "1614"]
[BlackElo "1701"]
[PlyCount "114"]
[EventDate "2017.08.10"]
[EventType "tourn"]
[EventRounds "13"]
[EventCountry "SRI"]
[SourceTitle "CBM 180 Extra"]
[Source "ChessBase"]
[SourceDate "2017.10.06"]
[SourceVersion "1"]
[SourceVersionDate "2017.10.06"]
[SourceQuality "1"]

1. e4 c5 2. Nf3 g6 3. c3 Bg7 4. d4 cxd4 5. cxd4 d5 6. e5 Nc6 7. Nc3 a6 8. Bd3 Bg4 9. Be2 e6 10. Be3 Nge7 11. Qd2 Nf5 12. 0-0 0-0 13. Rfd1 b5 14. Rac1 Qb6 15. h3 Bxf3 16. Bxf3 Rac8 17. b3 f6 18. exf6 Bxf6 19. Bg4 Nce7 20. Ne2 h5 21. Bxf5 Nxf5 22. Bh6 Rfe8 23. Rxc8 Rxc8 24. g4 hxg4 25. hxg4 Nh4 26. Qf4 Qd8 27. g5 Bxg5 28. Bxg5 Qxg5+ 29. Qxg5 Nf3+ 30. Kh1 Nxg5 31. Rg1 Ne4 32. Rxg6+ Kf7 33. Rg2 Rc2 34. f3 Rxe2 35. fxe4 Rxe4 36. Rd2 Kf6 37. Kg2 Rf4 38. Kg3 Kf5 39. Rd1 a5 40. a4 b4 41. Rd2 e5 42. dxe5 Kxe5 43. Re2+ Re4 44. Rb2 Re3+ 45. Kf2 Ke4 46. Re2 Rxe2+ 47. Kxe2 d4 48. Kd2 d3 49. Kd1 d2 50. Kxd2 Kd4 51. Kc2 Ke3 52. Kc1 Kd3 53. Kb2 Kd2 54. Ka1 Kc2 55. Ka2 Kc3 56. Kb1 Kxb3 57. Ka1 Kxa4 0-1

[Event "SRI-chB (Women)"]
[Site "Narahenpita"]
[Date "2017.05.19"]
[Round "6"]
[White "Basnayake, IU."]
[Black "Yapa Bandara, Chamodya"]
[Result "1/2-1/2"]
[WhiteElo "1740"]
[BlackElo "1592"]
[PlyCount "83"]
[EventDate "2017.05.12"]
[EventType "swiss"]
[EventRounds "10"]
[EventCountry "SRI"]
[SourceTitle "CBM 178 Extra"]
[Source "ChessBase"]
[SourceDate "2017.06.22"]
[SourceVersion "1"]
[SourceVersionDate "2017.06.22"]
[SourceQuality "1"]

1. e4 c5 2. Nf3 d6 3. d4 cxd4 4. Nxd4 Nf6 5. Nc3 a6 6. Be3 e6 7. a4 Nc6 8. Be2 Be7 9. 0-0 0-0 10. Nxc6 bxc6 11. a5 c5 12. Qd2 Bb7 13. f3 d5 14. exd5 exd5 15. Na4 Nd7 16. Bf4 Re8 17. Bd3 Bc6 18. Bf5 Ra7 19. Bxd7 Qxd7 20. Nb6 Qb7 21. Rfe1 Rd8 22. Bg5 Bxg5 23. Qxg5 Qb8 24. Rad1 h6 25. Qe5 Qb7 26. Qc3 Qb8 27. Qxc5 Rc7 28. Re7 Rxe7 29. Qxe7 Re8 30. Qc5 Qe5 31. h3 Qe2 32. Rb1 Re6 33. Qf2 Qb5 34. Qd2 Re7 35. Qc3 d4 36. Qxd4 Bxf3 37. gxf3 Qg5+ 38. Qg4 Qe3+ 39. Kh1 Qf2 40. Qc8+ Kh7 41. Qf5+ Kg8 42. Qc8+ 1/2-1/2

[Event "SRI-chB (Women)"]
[Site "Narahenpita"]
[Date "2017.05.14"]
[Round "4"]
[White "Rathnayake, RM Dinithi Panchali"]
[Black "Yapa Bandara, Chamodya"]
[Result "0-1"]
[WhiteElo "1198"]
[BlackElo "1592"]
[PlyCount "126"]
[EventDate "2017.05.12"]
[EventType "swiss"]
[EventRounds "10"]
[EventCountry "SRI"]
[SourceTitle "CBM 178 Extra"]
[Source "ChessBase"]
[SourceDate "2017.06.22"]
[SourceVersion "1"]
[SourceVersionDate "2017.06.22"]
[SourceQuality "1"]

1. e4 c5 2. Nf3 d6 3. d4 cxd4 4. Nxd4 Nf6 5. Nc3 a6 6. f3 e6 7. a3 Be7 8. Bc4 0-0 9. Be3 Nc6 10. Nxc6 bxc6 11. Bb3 d5 12. e5 Nd7 13. f4 c5 14. Bf2 Rb8 15. Rb1 Bb7 16. 0-0 Qc7 17. Bg3 Rfd8 18. Qe2 Nb6 19. Nd1 Bc6 20. Qg4 Bb5 21. Re1 Qd7 22. Nf2 Rbc8 23. c3 Ba4 24. Bxa4 Nxa4 25. Qe2 c4 26. Rbd1 Rb8 27. Rd2 Rb7 28. Nd1 Nc5 29. Nf2 Rc8 30. Red1 Rc6 31. Rc2 Rcb6 32. h3 Na4 33. Rdd2 Bc5 34. Kh2 Bxf2 35. Bxf2 Rb3 36. g4 Qb5 37. f5 Nxb2 38. f6 Na4 39. Qe3 Qe8 40. Qg5 Qf8 41. h4 h6 42. Qe3 g6 43. Bg3 Kh7 44. Bf4 Rxa3 45. Qd4 Qc5 46. Qxc5 Nxc5 47. Be3 Ne4 48. Rg2 Rxc3 49. Rxc3 Nxc3 50. g5 h5 51. Bd4 Rb3 52. Rc2 Nb5 53. Bc5 c3 54. Kg3 Rb2 55. Rc1 c2 56. Be3 Nc3 57. Kf2 Na2 58. Ra1 c1Q+ 59. Kf3 Qxa1 60. Bd4 Qd1+ 61. Ke3 Re2+ 62. Kf4 Qxd4+ 63. Kg3 Qg4# 0-1

[Event "Wch U14 Girls"]
[Site "Khanty-Mansiysk"]
[Date "2016.09.28"]
[Round "6"]
[White "Yapa Bandara, Chamodya"]
[Black "Filippova, Darya"]
[Result "0-1"]
[WhiteElo "1582"]
[BlackElo "1888"]
[PlyCount "84"]
[EventDate "2016.09.22"]
[EventType "swiss"]
[EventRounds "11"]
[EventCountry "RUS"]
[SourceTitle "EXT 2017"]
[Source "ChessBase"]
[SourceDate "2016.10.25"]
[SourceVersion "1"]
[SourceVersionDate "2016.10.25"]
[SourceQuality "1"]

1. e4 e5 2. Nf3 Nf6 3. d4 d5 4. Nxe5 Nxe4 5. Bd3 Nc6 6. Nxc6 bxc6 7. Bxe4 dxe4 8. Bf4 Bd6 9. Bg3 f5 10. Qd2 0-0 11. Bxd6 cxd6 12. d5 Ba6 13. Qd4 Qg5 14. Nd2 Qg4 15. c4 Rae8 16. h3 Qxg2 17. 0-0-0 c5 18. Qc3 Qg5 19. Rdg1 Qf6 20. Qa5 Bc8 21. Qxa7 f4 22. f3 Bf5 23. fxe4 Bxe4 24. Rh2 Bg6 25. Qa4 Ra8 26. Qd1 Rxa2 27. Nb3 Rfa8 28. Rxg6 Qxg6 29. Qe2 Re8 30. Qf1 Qg3 31. Re2 Rxe2 32. Qxe2 Qe3+ 33. Qd2 Ra4 34. Qxe3 fxe3 35. Kc2 Rxc4+ 36. Kd3 Rb4 37. Na5 Rxb2 38. Kxe3 Kf7 39. Nc4 Rb3+ 40. Kf2 Ke7 41. Ne3 Rxe3 42. Kxe3 Kf6 0-1

[Event "Wch U14 Girls"]
[Site "Khanty-Mansiysk"]
[Date "2016.09.25"]
[Round "4"]
[White "Yapa Bandara, Chamodya"]
[Black "Urh, Zala"]
[Result "0-1"]
[WhiteElo "1582"]
[BlackElo "1939"]
[PlyCount "102"]
[EventDate "2016.09.22"]
[EventType "swiss"]
[EventRounds "11"]
[EventCountry "RUS"]
[SourceTitle "EXT 2017"]
[Source "ChessBase"]
[SourceDate "2016.10.25"]
[SourceVersion "1"]
[SourceVersionDate "2016.10.25"]
[SourceQuality "1"]

1. e4 e5 2. Nf3 Nc6 3. Bb5 a6 4. Ba4 Nf6 5. 0-0 Be7 6. Re1 b5 7. Bb3 d6 8. h3 0-0 9. c3 Nb8 10. d4 Nbd7 11. Nbd2 c5 12. Nf1 Re8 13. Ng3 Bf8 14. Bc2 g6 15. Nh4 Bb7 16. Qd3 Bg7 17. Nhf5 gxf5 18. Nxf5 Nf8 19. Bh6 Bxh6 20. Qg3+ Ng6 21. Nxh6+ Kg7 22. Nf5+ Kh8 23. dxe5 dxe5 24. Rad1 Qc7 25. Qg5 Re6 26. h4 Ne8 27. h5 Ne7 28. Nh6 Rxh6 29. Qxh6 Ng8 30. Qe3 Ngf6 31. Qh6 Qe7 32. Rd2 Ng7 33. Red1 Rg8 34. Kf1 Ne6 35. Qe3 Ng4 36. Qh3 Qf6 37. Re1 Nf4 38. Qh1 Nh6 39. f3 Qg5 40. Rf2 Qg3 41. Rd1 Bc8 42. Rd6 Be6 43. b3 Nxg2 44. Rxe6 Ne3+ 45. Ke2 fxe6 46. Bb1 Ng2 47. Kf1 Nf4 48. Rh2 b4 49. cxb4 cxb4 50. Bc2 Nf7 51. Rh4 Ng2 0-1

[Event "Wch U14 Girls"]
[Site "Khanty-Mansiysk"]
[Date "2016.09.22"]
[Round "1"]
[White "Yapa Bandara, Chamodya"]
[Black "Ouellet, Maili Jade"]
[Result "0-1"]
[WhiteElo "1582"]
[BlackElo "1992"]
[PlyCount "50"]
[EventDate "2016.09.22"]
[EventType "swiss"]
[EventRounds "11"]
[EventCountry "RUS"]
[SourceTitle "EXT 2017"]
[Source "ChessBase"]
[SourceDate "2016.10.25"]
[SourceVersion "1"]
[SourceVersionDate "2016.10.25"]
[SourceQuality "1"]

1. e4 c5 2. Nf3 e6 3. d4 cxd4 4. Nxd4 a6 5. Bd3 Bc5 6. Nb3 Be7 7. 0-0 d6 8. Be3 Nf6 9. Qe2 Nbd7 10. f4 b6 11. Bf2 Bb7 12. Nd4 Qc7 13. Kh1 h5 14. Bh4 Nc5 15. e5 dxe5 16. fxe5 Ng4 17. Bg3 Nd7 18. Bg6 fxg6 19. Nxe6 Qc6 20. Nxg7+ Kd8 21. e6 h4 22. Bc7+ Qxc7 23. Qxg4 h3 24. Rf2 hxg2+ 25. Rxg2 Qxh2# 0-1

[Event "SRI-ch (Women)"]
[Site "Colombo"]
[Date "2016.05.28"]
[Round "3"]
[White "Tharushi, THD Niklesha"]
[Black "Yapa Bandara, Chamodya"]
[Result "0-1"]
[WhiteElo "1601"]
[BlackElo "1578"]
[PlyCount "98"]
[EventDate "2016.05.27"]
[EventType "tourn"]
[EventRounds "13"]
[EventCountry "SRI"]
[SourceTitle "CBM 172 Extra"]
[Source "ChessBase"]
[SourceDate "2016.06.21"]
[SourceVersion "1"]
[SourceVersionDate "2016.06.21"]
[SourceQuality "1"]

1. d4 Nf6 2. c4 g6 3. Nc3 Bg7 4. e4 d6 5. Nf3 0-0 6. h3 Nbd7 7. g4 e5 8. d5 Nc5 9. Qc2 a5 10. Be3 b6 11. Be2 Bd7 12. Rg1 Kh8 13. Nd2 Ng8 14. 0-0-0 f5 15. gxf5 gxf5 16. f3 f4 17. Bf2 Bf6 18. Rg2 Bh4 19. Bxh4 Qxh4 20. Rdg1 Nf6 21. Rh2 Rg8 22. Rgh1 Rg7 23. Qd1 Nh5 24. Qe1 Ng3 25. Nf1 Qh6 26. Kb1 Nxh1 27. Rxh1 Rg2 28. Nh2 Rg6 29. Ng4 Qg7 30. Nd1 Rf8 31. b3 h5 32. Qh4 Qh7 33. Qe1 hxg4 34. fxg4 f3 35. Bf1 Rxg4 36. Nf2 Rgf4 37. Ka1 Qh4 38. Qe3 Rg8 39. Kb2 Rg3 40. a3 a4 41. b4 Nb3 42. Bd3 Rg2 43. Rf1 Rf6 44. Kb1 Qf4 45. Qxf4 Rxf4 46. Kc2 Nd4+ 47. Kd1 Rf7 48. Ke1 Rfg7 49. h4 Rg1 0-1